<?xml version="1.0" encoding="UTF-8"?>
<record
    xmlns:xsi="http://www.w3.org/2001/XMLSchema-instance"
    xsi:schemaLocation="http://www.loc.gov/MARC21/slim http://www.loc.gov/standards/marcxml/schema/MARC21slim.xsd"
    xmlns="http://www.loc.gov/MARC21/slim">

  <leader>00582nam a2200193 a 4500</leader>
  <controlfield tag="001">1771663883751</controlfield>
  <controlfield tag="003">YourLibrary</controlfield>
  <controlfield tag="005">20260221142343.0</controlfield>
  <controlfield tag="008">260221s1996##################000#0#eng##</controlfield>
  <datafield tag="020" ind1=" " ind2=" ">
    <subfield code="a">9781858983295</subfield>
  </datafield>
  <datafield tag="082" ind1="0" ind2="4">
    <subfield code="a">338.433621</subfield>
    <subfield code="b">CUL</subfield>
  </datafield>
  <datafield tag="100" ind1="1" ind2=" ">
    <subfield code="a">(Economics), British Association for the Advancement of Science. Section F,</subfield>
    <subfield code="e">author.</subfield>
  </datafield>
  <datafield tag="245" ind1="1" ind2="0">
    <subfield code="a">Reforming Health Care Systems :</subfield>
  </datafield>
  <datafield tag="260" ind1=" " ind2=" ">
    <subfield code="b">Edward Elgar Publishing,</subfield>
    <subfield code="c">1996.</subfield>
  </datafield>
  <datafield tag="300" ind1=" " ind2=" ">
    <subfield code="a">200 pages</subfield>
  </datafield>
  <datafield tag="650" ind1=" " ind2="0">
    <subfield code="a">Business &amp; Economics.</subfield>
  </datafield>
  <datafield tag="942" ind1=" " ind2=" ">
    <subfield code="c">ENGLISH</subfield>
  </datafield>
  <datafield tag="040" ind1=" " ind2=" ">
    <subfield code="a">YourLibrary</subfield>
    <subfield code="b">eng</subfield>
    <subfield code="c">YourLibrary</subfield>
  </datafield>
  <datafield tag="999" ind1=" " ind2=" ">
    <subfield code="c">615091</subfield>
    <subfield code="d">615091</subfield>
  </datafield>
  <datafield tag="952" ind1=" " ind2=" ">
    <subfield code="0">0</subfield>
    <subfield code="1">0</subfield>
    <subfield code="4">0</subfield>
    <subfield code="7">0</subfield>
    <subfield code="a">ACL</subfield>
    <subfield code="b">ACL</subfield>
    <subfield code="c">4A</subfield>
    <subfield code="d">2026-02-21</subfield>
    <subfield code="l">0</subfield>
    <subfield code="o">338.433621 CUL</subfield>
    <subfield code="p">343872</subfield>
    <subfield code="r">2026-02-21 14:23:43</subfield>
    <subfield code="w">2026-02-21</subfield>
    <subfield code="y">ENGLISH</subfield>
  </datafield>
</record>
